| 000 | 00781nam a2200241 a 4500 | ||
|---|---|---|---|
| 001 | 6408 | ||
| 003 | BD-RjUL | ||
| 005 | 20211208234234.0 | ||
| 008 | 140111s1965 cau b 001 0 eng d | ||
| 035 |
_aOCLC 543100 from nrgro027 _a(BD-RjUL)6448 |
||
| 040 |
_aDLC _cWSU _dm.c. _dOCL _dSER _dBD-RjUL _beng |
||
| 041 | _aeng | ||
| 082 |
_a352.000952 _bSTL 1965 |
||
| 100 | 1 |
_aSteiner, Kurt, _d1912- _920175 |
|
| 245 | 1 | 0 |
_aLocal government in Japan / _cKurt Steiner |
| 260 |
_aStanford, Calif : _bStanford University Press, _cc1965 |
||
| 300 |
_aix, 564 p. : _c23 cm |
||
| 504 | _aBibliographical references included in "Notes" (p. [479]-534) Bibliography: p. [535]-552 | ||
| 650 | 0 |
_aLocal government _zJapan _920176 |
|
| 942 |
_2ddc _cBK |
||
| 999 |
_c6408 _d6408 |
||